Ecología y ciudad : (Record no. 691)
[ view plain ]
| 000 -CABECERA | |
|---|---|
| campo de control de longitud fija | 01910nam a22003134c 4500 |
| 003 - IDENTIFICADOR DE NUMERO DE CONTROL | |
| campo de control | AR-BaSMT |
| 008 - CAMPOS DE LONGITUD FIJA | |
| campo de control de longitud fija | 230327t2021 agd|||frib|| 001 0 spa d |
| 020 ## - ISBN: Indicadores indefinidos | |
| Número ISBN | 9789874180780 |
| 040 ## - FUENTE DE CATALOGACION | |
| Agencia de catalogación original | BSGB |
| Idioma de catalogación | español |
| Agencia que realiza la transcripción | BSGB |
| Convenciones de la descripción | rda |
| 041 0# - CODIGO DE IDIOMA | |
| Código idioma | spa |
| Idioma original | español |
| 080 ## - CDU | |
| CDU completo | 574 |
| 100 1# - PUNTO DE ACCESO PRINCIPAL | |
| Nombre de persona | Dadón, José R., |
| Enlace autoridades | 518 |
| 245 1# - MENCION DE TITULO | |
| Título | Ecología y ciudad : |
| Subtítulo | El entorno modelado por el hombre |
| 250 ## - MENCION DE EDICION | |
| Mención de edición | Segunda edición |
| 264 ## - PRODUCCIÓN, PUBLICACIÓN, DISTRIBUCIÓN, ETC. | |
| Lugar de publicación, etc. | Buenos Aires ; |
| Nombre editor. | Del Aula Taller, |
| Fecha | 2021. |
| 300 ## - DESCRIPCION FISICA | |
| Extensión | 62 páginas, Ilustraciones blanco y negro. |
| 336 ## - TIPO DE CONTENIDO | |
| rdacontent | rdacontent |
| texto | texto |
| txt | txt |
| 337 ## - TIPO DE MEDIO | |
| rdamedia | rdamedia |
| sin mediación | sin mediación |
| n | n |
| 338 ## - TIPO DE SOPORTE | |
| rdacarrier | rdacarrier |
| volumen | volumen |
| nc | nc |
| 490 ## - TÍTULO DE LA SERIE | |
| Título de la serie | Colección Sociedades y Medioambiente |
| 520 ## - NOTA DE SUMARIO, RESUMEN, ETC. | |
| Toda la nota | ÍNDICE<br/><br/>CAPÍTULO I<br/>POR QUÉ LAS CIUDADES<br/>Las mayores aglomeraciones urbanas del mundo<br/>El atractivo de las ciudades<br/>Historia de las ciudades<br/>Las ciudades en la antigüedad<br/>El origen de la ciudad moderna<br/><br/>CAPÍTULO II<br/>LA CIUDAD COMO SISTEMA ECOLÓGICO<br/>Sistemas naturales y sistemas urbanos<br/>Flujo de energía<br/>Biodiversidad<br/>Tramas tróficas<br/>Ciclos de materia<br/>Factores de control y sucesión ecológica<br/>Del ecosistema a la ciudad<br/>Modelos de ciudades<br/>Espacios urbanos<br/>La periferia de las ciudades<br/><br/>CAPÍTULO III<br/>ALGUNOS PROBLEMAS AMBIENTALES DE LAS CIUDADES<br/>Un enorme consumo de energía<br/>El impacto del transporte urbano<br/>Contaminación y residuos urbanos<br/>Por qué se inunda Buenos Aires<br/>Ciudades sostenibles<br/>Ciudades compactas, mejores ciudades<br/>La importancia de los espacios verdes<br/>Mejor transporte público<br/>Las condiciones sociales y económicas<br/>El futuro de las ciudades<br/><br/>EPÍLOGO PARA DOCENTES<br/><br/>BIBLIOGRAFÍA |
| 521 ## - NOTA DE PÚBLICO DESTINATARIO | |
| Nota de audiencia | Público general |
| 650 #7 - PUNTO DE ACCESO ADICIONAL DE MATERIA – TÉRMINO TEMÁTICO | |
| Enlace autoridades | 85 |
| Término de materia o nombre geográfico como elemento de entrada | ECOLOGÍA |
| 700 1# - PUNTO DE ACCESO ADICIONAL – NOMBRE DE PERSONA | |
| Apellido, Nombre | Ambas, Alejandro |
| Término relacionador: | Autor |
| Enlace autoridades | 517 |
| 700 1# - PUNTO DE ACCESO ADICIONAL – NOMBRE DE PERSONA | |
| Apellido, Nombre | Busch, María |
| Término relacionador: | Autor |
| Enlace autoridades | 516 |
| 700 1# - PUNTO DE ACCESO ADICIONAL – NOMBRE DE PERSONA | |
| Apellido, Nombre | Rodríguez, María Cecilia |
| Término relacionador: | Autor |
| Enlace autoridades | 519 |
| 942 ## - ELEMENTOS AGREGADOS (KOHA) | |
| CDU | Clasificación Decimal Dewey |
| Tipo de ítem | Libros |
| Disponible | Perdido | Fuente de clasificación | Estado | Ubicación permanente | Locación actual | Estante o sala | Fuente de adquisición | Número de inventario | Total préstamos | Signatura topográfica | Código de barras | Numero de ejemplar | Tipo de item de Koha | Calificador de localización códificado |
|---|---|---|---|---|---|---|---|---|---|---|---|---|---|---|
| Clasificación Decimal Dewey | Biblioteca Susana G. De Batemarco | Biblioteca Susana G. De Batemarco | Ciencias Naturales | Compra feria del libro 2025 | 030419 | 574 DAD | 030419 | 1 | Libros |
